00360nam a2200109Ia 4500008004100000082000800041100002900049245005600078942000600134952009500140999001500235240331s9999 xx 000 0 und d bHEM aHemantha Kumara,N.V.G.A. 0aStree purusha samajabhawaya ha kantha ayithiwasikam cL 001040708LaWERCLbWERCLcSSCd2024-03-31l0o 305 HEMp3015r2024-03-31w2024-03-31yL c3538d3538